00665cam a22002171 4500001001300000003000400013005001700017008004100034010001700075035002000092040001900112042001200131050001500143060002300158100002900181245010800210260004300318300003000361500002400391504003200415med47000734 DLC20260227111600.0810815s1944 xx af 000 0 spa  amed47000734  a(OCoLC)14747431 aDLCcDNLMdDLC apremarc00aRL281b.H40 aWC 570bH565z 19442 aHerrera Ramos, Fernando.10aZona y varicela (sus relaciones, algunos de sus problemas)cMonografía por Fernando Herrera Ramos ... aMontevideo,bImprenta "Rosgal,"c1944. a73, [1] p.bill., plates. aSummary in English. a"Bibliografía": p. 63-67.